000 00621nam a2200157 4500
082 _aBSCS-3 ALE
100 _aSyed Abdul Aleem Shah | Hussain Abid | Muhammad Nouman Ahmad
245 _aSafeRoads: A non-intrusive mobile vision based framework for ensuring road safety & driving behavior Monitoring system
260 _aIslamabad
_bNUST-SEECS
_c2017
300 _ap.v.
_eCD Includes
563 _aHB
856 _uhttp://10.250.8.41:8080/xmlui/handle/123456789/28734
942 _2ddc
_cTHE
999 _c331762
_d331762